000 00934nam a2200217Ia 4500
001 221.92-FAB na do (2200)
003 IT-MiSPE
008 171229s9999||||xx |||||||||||||| ||und||
040 _aIT-MiSPE
_cIT-MiSPE
041 _aITALIANO
100 _aNazareno Fabbretti
245 0 _aLe donne della Bibbia
250 _a1a ed. (v)
260 _aRoma
_bEd. Paoline
_c(st.) 1964
300 _a229 p.
_c25 cm
500 _aIll.
501 _aEdizioni San Paolo srl - Piazza Soncino, 5 - 20092 CINISELLO BALSAMO (MI) (non commercial uses only) ® Copyright 2018
942 _cBK
957 _71
999 _a7392
_bNO
_g Copie: 1
_c338429
_d338429